| Tag |
First Indicator |
Second Indicator |
Subfields |
| LEADER |
00000cam a2200000 i 4500 |
| 001 |
in00000096266 |
| 005 |
20150925090010.0 |
| 008 |
800401r19731972miua b 00010 eng d |
| 035 |
|
|
|a (OCoLC)06156220
|
| 035 |
|
|
|9 AAL2225AM
|
| 040 |
|
|
|a TXA
|c TXA
|d UtOrBLW
|
| 049 |
|
|
|a TXAM
|c [719028]
|
| 090 |
|
|
|a TK9203.S65
|b W6 1972a
|
| 100 |
1 |
|
|a Wolfe, Richard Arlen.
|
| 245 |
1 |
2 |
|a A BIFOLD nuclear power source /
|c Richard Arlen Wolfe.
|
| 264 |
|
1 |
|a [Cincinnati] :
|b The author,
|c 1972.
|
| 300 |
|
|
|a xv, 179 leaves :
|b illustrations
|
| 336 |
|
|
|a text
|b txt
|2 rdacontent
|
| 337 |
|
|
|a unmediated
|b n
|2 rdamedia
|
| 338 |
|
|
|a volume
|b nc
|2 rdacarrier
|
| 500 |
|
|
|a Photocopy of typescript. Ann Arbor : University Microfilms, 1973.
|
| 502 |
|
|
|c University of Cincinnati.
|
| 504 |
|
|
|a Bibliography: leaves 135-140.
|
| 650 |
|
0 |
|a Solid fuel reactors.
|
| 650 |
|
0 |
|a Plutonium.
|
| 999 |
|
|
|a MARS
|
| 999 |
f |
f |
|s 58ae8617-9b96-3eb5-ac44-3af243395163
|i 3efeeab0-3c79-33c1-84c9-c514640ee8d9
|t 0
|
| 952 |
f |
f |
|p ric
|a Texas A&M University
|b Rellis Campus
|c Joint Library Facility
|d Remote Storage
|t 0
|e TK9203.S65 W6 1972a
|h Library of Congress classification
|i unmediated -- volume
|m A14805517708
|
| 998 |
f |
f |
|a TK9203.S65 W6 1972a
|t 0
|l Remote Storage
|